Loading...
| Mythology | 0 | 2 | 0 | 0 | 20 | 129 | 138.00 | 0 | 1 | 1.12 | 6.36 |
| History - Other | 0 | 2 | 0 | 0 | 20 | 112 | 120.50 | 0 | 1 | 1.76 | 3.64 |
| Science - Biology | 0 | 1 | 0 | 1 | 10 | 121 | 121.00 | 0 | 1 | 0.07 | 3.64 |
| History - European | 0 | 1 | 0 | 1 | 10 | 94 | 94.00 | 0 | 1 | 2.52 | 7.27 |
| Literature - American | 0 | 1 | 1 | 0 | 5 | 126 | 126.00 | 0 | 0 | 0.35 | 1.82 |
| Literature - World | 0 | 1 | 1 | 0 | 5 | 112 | 112.00 | 0 | 1 | 1.38 | 4.55 |
| Fine Arts - Classical Music | 0 | 0 | 0 | 0 | 0 | 0.00 | 0 | 0 | 0.00 | 0.00 | |
| Science - Chemistry | 0 | 0 | 0 | 0 | 0 | 0.00 | 0 | 0 | 0.00 | 0.00 | |
| Science - Physics | 0 | 0 | 0 | 0 | 0 | 0.00 | 0 | 0 | 0.00 | 0.00 | |
| Fine Arts - Painting and Sculpture | 0 | 0 | 1 | 0 | -5 | 0.00 | 0 | 0 | 0.00 | 0.00 | |
| Philosophy | 0 | 0 | 1 | 0 | -5 | 0.00 | 0 | 0 | 0.00 | 0.00 | |
| Fine Arts - Other | 0 | 0 | 1 | 0 | -5 | 0.00 | 0 | 0 | 0.00 | 0.00 | |
| Literature - British | 0 | 0 | 1 | 0 | -5 | 0.00 | 0 | 0 | 0.00 | 0.00 | |
| History - World | 0 | 0 | 1 | 0 | -5 | 0.00 | 0 | 0 | 0.00 | 0.00 |